|
|
|
|
| LEADER |
01564nam a2200421Ia 4500 |
| 001 |
EBC1092275 |
| 003 |
MiAaPQ |
| 005 |
20200520144314.0 |
| 006 |
m o d | |
| 007 |
cr cn||||||||| |
| 008 |
120809s2012 dcua sb i000 0 eng d |
| 010 |
|
|
|z 2012030189
|
| 020 |
|
|
|z 9780821396308
|
| 020 |
|
|
|z 9780821396315
|
| 035 |
|
|
|a (MiAaPQ)EBC1092275
|
| 035 |
|
|
|a (Au-PeEL)EBL1092275
|
| 035 |
|
|
|a (CaPaEBR)ebr10626516
|
| 035 |
|
|
|a (CaONFJC)MIL416660
|
| 035 |
|
|
|a (OCoLC)818905029
|
| 040 |
|
|
|a MiAaPQ
|c MiAaPQ
|d MiAaPQ
|
| 043 |
|
|
|a d------
|
| 050 |
|
4 |
|a HJ1620
|b .I8 2012
|
| 082 |
0 |
4 |
|a 339.5/2091724
|2 23
|
| 245 |
0 |
0 |
|a Is fiscal policy the answer?
|h [electronic resource] :
|b a developing country perspective /
|c edited by Blanca Moreno Dodson.
|
| 260 |
|
|
|a Washington, D.C. :
|b World Bank,
|c 2012.
|
| 300 |
|
|
|a xxiv, 253 p. :
|b ill.
|
| 490 |
1 |
|
|a Directions in development
|
| 504 |
|
|
|a Includes bibliographical references.
|
| 533 |
|
|
|a Electronic reproduction. Ann Arbor, MI : ProQuest, 2015. Available via World Wide Web. Access may be limited to ProQuest affiliated libraries.
|
| 650 |
|
0 |
|a Fiscal policy
|z Developing countries.
|
| 650 |
|
0 |
|a Financial crises
|z Developing countries.
|
| 650 |
|
0 |
|a Economic development.
|
| 655 |
|
4 |
|a Electronic books.
|
| 700 |
1 |
|
|a Moreno-Dodson, Blanca.
|
| 710 |
2 |
|
|a World Bank.
|
| 710 |
2 |
|
|a ProQuest (Firm)
|
| 830 |
|
0 |
|a Directions in development (Washington, D.C.).
|p Public sector governance.
|
| 856 |
4 |
0 |
|u https://ebookcentral.proquest.com/lib/matrademy/detail.action?docID=1092275
|z Click to View
|